000 01105nam a22002897a 4500
001 14626
003 CO-MdFUSB
005 20240822095715.0
008 180427t2005 xxu||||| |||| 00| 0 spa d
040 _aCO-MdFUSB
_bspa
_cCO-MdFUSB
_dCO-MdFUSBC
_erda
041 0 _aspa
_heng
082 0 4 _aG 228.07 P2951c
245 0 _aCuatro puntos de vista sobre el Apocalipsis
_c / C. Marvin Pate, ed.
264 4 _aMiami, Fl. :
_b Vida,
_c©2005
300 _a264 p.
336 _2rdacontent
_atexto
_btxt
337 _2rdamedia
_asin mediación
_bn
338 _2rdacarrier
_avolumen
_bnc
500 _aTítulo original: Four views on the book of Revelation
505 0 0 _aEl punto de vista preterista sobre el Apocalipsis / Kenneth L. Gentry Jr. -- El punto de vista idealista sobre el Apocalipsis / Sam Hamstra Jr. -- El punto de vista dispencionalista progresivo sobre el Apocalipsis / Robert L. Thomas
650 7 _aTeología bíblica
_9320
650 0 _aRevisionismo (Teología cristiana)
_91207
650 7 _aEscatología
_9213
653 _aBiblia N.T. - Apocalipsis
942 _cBK
945 _aJTF-925
999 _c43479
_d43479